000 00759cam a22002293a 4500
001 24296
003 PGUSA
005 20140828083523.0
008 080115s2008||||xxu|||||s|||||000 | eng d
040 _aPGUSA
_beng
042 _adc
050 4 _aDA
100 1 _aRedmond-Howard, L. G.,
_q(Louis George),
_d1884-
245 1 0 _aSix days of the Irish Republic :
_bA Narrative and Critical Account of the Latest Phase of Irish Politics
_h[electronic resource] /
_cL. G., Redmond-Howard
260 _bProject Gutenberg,
_c2008
506 _aPublic domain in the USA.
516 _aElectronic text
653 _aIreland -- History -- Easter Rising, 1916
830 0 _aProject Gutenberg
_v24296
856 4 0 _uhttp://www.gutenberg.org/ebooks/24296
942 _cEB
999 _c253551
_d253551